000 00227nam a2200085 4500
999 _c234112
_d234112
003 Nust
005 20170313180348.0
008 170313b xxu||||| |||| 00| 0 eng d
040 _c.
082 _a297.7
_bBUK
245 _aIslamic Education: BA., BSc, BCom, BBA, MBA, Engineering, MBBS, PCS, CSS
700 _aA.S. Bukhari [...et al.]
942 _cBK
_2ddc